000 00558nam a22002057a 4500
003 LK-CoMWRAF
005 20240106110457.0
008 240106b2009 |||||||| |||| 00| 0 eng d
020 _a9789550139002
040 _aLK-CoMWRAF
_dLK-CoMWRAF
_eLK-CoMWRAF
041 _aeng
082 _a305.8
_bMOH
100 _aMohideen, M.I.M.
245 _aMuslim minority issues in Sri Lanka
260 _aColombo:
_bAl-Ceylan muslim documentation centre,
_c2009
300 _aii, 58 p.
650 _aMUSLIMS-Sri Lanka
650 _aMinorities-Sri Lanka
942 _cBK
999 _c4592
_d4592